Statistics for Regions of the World

Click here to take the quiz!

General Stats

  • This quiz has been taken 57 times
    (34 since last reset)
  • The average score is 12 of 31

Answer Stats

Answer% Correct
Middle East
76%
Central America
72%
Caribbean
66%
Scandinavia
66%
Western Europe
66%
Central Africa
62%
West Africa
62%
East Africa
59%
North Africa
59%
South Asia
59%
Southeast Asia
59%
Balkans
55%
Central Europe
55%
Southern Africa
55%
Central Asia
52%
Baltics
48%
Iberia
48%
Caucasus
38%
Oceania
38%
North Asia
21%
Northern North America
21%
Italy
17%
Northern South America
17%
Southern South America
17%
British Isles
14%
Benelux
10%
Eastern South America
10%
Far East Asia
7%
France
7%
Guianas
7%
Western South America
7%

Score Distribution

Percentile by Number Answered

Percent of People with Each Score

Your Score History

You have not taken this quiz since the last reset